<?xml version="1.0" encoding="UTF-8"?>
<marc:record xmlns:marc="http://www.loc.gov/MARC21/slim">
   <marc:leader>00000nam a2200000 a 4500</marc:leader>
   <marc:datafield ind1="1" ind2=" " tag="100">
      <marc:subfield code="a">Darvasi, László</marc:subfield>
      <marc:subfield code="4">aut</marc:subfield>
      <marc:subfield code="e">Verfasser/-in</marc:subfield>
   </marc:datafield>
   <marc:datafield ind1="1" ind2=" " tag="100">
      <marc:subfield code="a">Eisterer, Heinrich</marc:subfield>
      <marc:subfield code="4">trl</marc:subfield>
      <marc:subfield code="e">Übersetzer/-in</marc:subfield>
   </marc:datafield>
   <marc:datafield ind1=" " ind2=" " tag="653">
      <marc:subfield code="a">Novellen</marc:subfield>
   </marc:datafield>
   <marc:datafield ind1=" " ind2=" " tag="653">
      <marc:subfield code="a">Softcover / Belletristik/Gegenwartsliteratur (ab 1945)</marc:subfield>
   </marc:datafield>
   <marc:datafield ind1=" " ind2=" " tag="653">
      <marc:subfield code="a">Ungarn</marc:subfield>
   </marc:datafield>
   <marc:datafield ind1=" " ind2=" " tag="653">
      <marc:subfield code="a">Nervenklinik</marc:subfield>
   </marc:datafield>
   <marc:datafield ind1=" " ind2=" " tag="653">
      <marc:subfield code="a">Orchester</marc:subfield>
   </marc:datafield>
   <marc:datafield ind1=" " ind2=" " tag="653">
      <marc:subfield code="a">Fiktionale Darstellung</marc:subfield>
   </marc:datafield>
   <marc:datafield ind1=" " ind2=" " tag="653">
      <marc:subfield code="a">Erzählende Literatur: Gegenwartsliteratur ab 1945</marc:subfield>
   </marc:datafield>
   <marc:datafield ind1="0" ind2="0" tag="245">
      <marc:subfield code="a">Wintermorgen</marc:subfield>
   </marc:datafield>
   <marc:datafield ind1="0" ind2="0" tag="245">
      <marc:subfield code="b">(Gott Heimat Familie) : Novellen</marc:subfield>
   </marc:datafield>
   <marc:datafield ind1="0" ind2="0" tag="245">
      <marc:subfield code="c">László Darvasi ; aus dem Ungarischen von Heinrich Eisterer</marc:subfield>
   </marc:datafield>
   <marc:datafield ind1=" " ind2="1" tag="264">
      <marc:subfield code="a">Berlin</marc:subfield>
      <marc:subfield code="b">Suhrkamp Verlag</marc:subfield>
      <marc:subfield code="c">2016</marc:subfield>
   </marc:datafield>
   <marc:datafield ind1=" " ind2=" " tag="250">
      <marc:subfield code="a">Erste Auflage</marc:subfield>
   </marc:datafield>
   <marc:datafield ind1="1" ind2=" " tag="520">
      <marc:subfield code="a">Angaben aus der Verlagsmeldung

Wintermorgen : Novellen Isten. Haz. Csal / von László Darvasi

Ein Orchester kommt bei einem Busunglück um, nur der Schlagzeuger überlebt und erfüllt den Auftrag allein: die Insassen einer Nervenklinik mit dem kollektiven Erlebnis der Musik aus dem individuellen Wahnsinn zu erlösen. Ein Mädchen steht am Fenster und beobachtet auf der Straße zwei Küssende, den Stein in der Hand, mit dem es die beiden zerschmettern will.

Ein Unglück, auf das die Betroffenen nicht reagieren; kryptische Geschehnisse, in deren Zentrum das hinterrücks hereinfahrende Böse steht; Töten, ohne zu wissen, warum: um diese unheimlichen Erfahrungen kreisen die 27 kurzen Prosastücke des Bandes. Die Normalität, in der wir leben, erscheint als Insel in einem Meer aus Hass, Brutalität und Paranoia.

László Darvasi, der Erkunder des Unbegreiflichen, hat früh die Novelle als Form entdeckt, in der seine Kunst der Verrätselung und Verdichtung ihren stärksten Ausdruck findet. Unbeirrt nimmt sein Erzähler den Menschen in den Blick, der seine Wünsche und Handlungen selbst nicht versteht. Darvasis Geschöpfe wirken wie Verzauberte, die zur schönsten, verrücktesten Liebestat und zum entsetzlichsten Verbrechen fähig sind. Es ist die Sprachmacht des Autors, seine buchstäblich bodenlose Phantasie, die aus den abwegigsten, albtraumhaften Szenerien Texte erstehen lässt, die mit ihrer Lakonie und berückenden Schönheit fesseln.
</marc:subfield>
   </marc:datafield>
   <marc:datafield ind1=" " ind2=" " tag="020">
      <marc:subfield code="a">9783518425527</marc:subfield>
      <marc:subfield code="9">9783518425527</marc:subfield>
   </marc:datafield>
   <marc:datafield ind1=" " ind2=" " tag="020">
      <marc:subfield code="a">3518425528</marc:subfield>
      <marc:subfield code="9">3518425528</marc:subfield>
   </marc:datafield>
   <marc:datafield ind1=" " ind2=" " tag="041">
      <marc:subfield code="a">ger</marc:subfield>
   </marc:datafield>
   <marc:datafield ind1=" " ind2=" " tag="300">
      <marc:subfield code="a">345 Seiten</marc:subfield>
   </marc:datafield>
</marc:record>
